000 00606nam a2200193 a 4500
001 000025229
005 20200930023638.0
008 110211s2001 sp ac r 000 0 spa d
020 _a0884043045
040 _aDO-SdBNP
_bspa
_cBNPHU
082 _aNNN
_bB399m
100 1 _aBedarkov, Anatoli
_951710
245 1 0 _aMoscú, Kremlin para V.V. Putin :
_b(la carta 1) /
_cAnatoli Bedarkov.
260 _aMadrid, (España) :
_b[S. e.],
_c2001.
300 _a271 p. :
_bil., retrs. ;
_c21 cm.
500 _aIncluye apéndice
590 _aLa biblioteca posee un ejemplar autografiado por el autor
049 _aBNGR
999 _c24722
_d24722